Statistics for Scottish Gaelic Names in English

Click here to take the quiz!

General Stats

  • This quiz has been taken 986 times
  • The average score is 20 of 40

Answer Stats

Scottish GaelicEnglish% Correct
IseabailElisabeth
88%
MàiriMary
88%
DubhghlasDouglas
82%
RaibeartRobert
81%
CaitrìonaKatherine
79%
TàmhasThomas
79%
FrangFrancis
77%
AindreaAndrew
76%
PàdraigPatrick
76%
FloireansFlorence
75%
OlibhiaOlivia
75%
IainJohn
71%
UilleamWilliam
70%
SiùsaidhSusan
69%
EideardEdward
67%
BarabalBarbara
61%
DàibhidhDavid
60%
SeumasJames
54%
EubhEve
52%
DomhnallDonald
46%
LiùsaidhLucy
45%
ÈibhlinEvelyn
43%
FrangagFrances
43%
SeòrasGeorge
42%
EanraigHenry
42%
AlasdairAlexander
39%
MaireadMargaret
39%
Máel ColuimMalcolm
35%
AiliosAlice
33%
SeònaidJoan
29%
MòragSarah
26%
NeacelNicholas
24%
SeòsaidhJoseph
22%
EilidhHelen
19%
BhàtairWalter
12%
CoinneachKenneth
11%
Dior-bhorgàilDorothy
10%
GiorsailGrace
9%
SìneagJeannette
9%
SìleasCecilia
6%

Score Distribution

Percentile by Number Answered

Percent of People with Each Score

Your Score History

You have not taken this quiz